Estrategia metodológica para la práctica docente en la enseñanza de los juegos tradicionales y populares en los estudiantes de primer grado nivel secundario en la Escuela Miledis Lebrault del Distrito Educativo 01-03, Provincia Barahona, año escolar 2018-2019 / (Record no. 12636)
[ view plain ]
| 000 -LEADER | |
|---|---|
| campo de control de longitud fija | 01320nam a2200265 4500 |
| 003 - IDENTIFICADOR DE NÚMERO DE CONTROL | |
| campo de control | DO-SdUA |
| 005 - FECHA Y HORA DE LA ÚLTIMA TRANSACCIÓN | |
| campo de control | 20250325093535.0 |
| 008 - DATOS DE LONGITUD FIJA--INFORMACIÓN GENERAL | |
| campo de control de longitud fija | s2020 dr a|| |||| 0 |a||0|spa d |
| 040 ## - FUENTE DE CATALOGACIÓN | |
| Centro catalogador/agencia de origen | DO-SdUA |
| Lengua de catalogación | spa |
| Centro/agencia transcriptor | DO-SdUA |
| 041 0# - CÓDIGO DE IDIOMA | |
| Código de lengua del texto/banda sonora o título independiente | spa |
| 092 ## - ASIGNACIÓN LOCAL DE SIGNATURA TOPOGRÁFICA DEWEY (OCLC) | |
| Número de clasificación | MA-EFD 0065 FCE 2020 |
| 100 1# - ENTRADA PRINCIPAL--NOMBRE DE PERSONA | |
| Nombre de persona | Feliz Ferreras, Francisco |
| 245 10 - MENCIÓN DEL TÍTULO | |
| Título | Estrategia metodológica para la práctica docente en la enseñanza de los juegos tradicionales y populares en los estudiantes de primer grado nivel secundario en la Escuela Miledis Lebrault del Distrito Educativo 01-03, Provincia Barahona, año escolar 2018-2019 / |
| Mención de responsabilidad, etc. | Francisco Feliz Ferreras. |
| 260 ## - PUBLICACIÓN, DISTRIBUCIÓN, ETC. | |
| Lugar de publicación, distribución, etc. | Barahona : |
| Nombre del editor, distribuidor, etc. | UASD, |
| Fecha de publicación, distribución, etc. | 2020. |
| 300 ## - DESCRIPCIÓN FÍSICA | |
| Extensión | 64 h. : |
| Otras características físicas | il. |
| 502 ## - NOTA DE TESIS | |
| Nota de tesis | Tesis y trabajo de grado (Maestría en Gestión de la Educación Física y el Deporte)--Universidad Autónoma de Santo Domingo, Barahona, 2020. |
| 504 ## - NOTA DE BIBLIOGRAFÍA, ETC. | |
| Nota de bibliografía, etc. Nota | Incluye referencias bibliográficas y anexos. |
| 530 ## - NOTA DISPONIBLE DE FORMULARIO FÍSICO ADICIONAL | |
| Nota de formato físico adicional disponible | También disponible en CD-ROM (MA-EFD 0065 FCE 2020). |
| 650 #7 - PUNTO DE ACCESO ADICIONAL DE MATERIA--TÉRMINO DE MATERIA | |
| Fuente del encabezamiento o término | lemb |
| 9 (RLIN) | 16831 |
| Término de materia o nombre geográfico como elemento de entrada | Juegos escolares |
| Subdivisión general | Estrategia y técnicas |
| 650 #7 - PUNTO DE ACCESO ADICIONAL DE MATERIA--TÉRMINO DE MATERIA | |
| Fuente del encabezamiento o término | lemb |
| 9 (RLIN) | 13832 |
| Término de materia o nombre geográfico como elemento de entrada | Folclor |
| Subdivisión general | Vida social y costumbres |
| 650 #4 - PUNTO DE ACCESO ADICIONAL DE MATERIA--TÉRMINO DE MATERIA | |
| Fuente del encabezamiento o término | lemb |
| 9 (RLIN) | 10569 |
| Término de materia o nombre geográfico como elemento de entrada | Educación secundaria |
| 651 #7 - PUNTO DE ACCESO ADICIONAL DE MATERIA--NOMBRE GEOGRÁFICO | |
| 9 (RLIN) | 53599 |
| Nombre geográfico | Barahona (Provincia) |
| Subdivisión cronológica | 2018-2019 |
| 830 ## - PUNTO DE ACCESO ADICIONAL DE SERIE-TÍTULO UNIFORME | |
| Título uniforme | Tesis y disertaciones académicas (Universidad Autónoma de Santo Domingo) |
| 942 ## - ELEMENTOS DE ENTRADA SECUNDARIOS (KOHA) | |
| Fuente de la clasificación o esquema de estantería | |
| Tipo de ítem Koha | |
| Suprimir en OPAC | No |
No items available.